|
|
|
|
| LEADER |
03773nam a2200637 4500 |
| 001 |
978-3-319-70272-8 |
| 003 |
DE-He213 |
| 005 |
20191026101735.0 |
| 007 |
cr nn 008mamaa |
| 008 |
180105s2018 gw | s |||| 0|eng d |
| 020 |
|
|
|a 9783319702728
|9 978-3-319-70272-8
|
| 024 |
7 |
|
|a 10.1007/978-3-319-70272-8
|2 doi
|
| 040 |
|
|
|d GrThAP
|
| 050 |
|
4 |
|a TJ807-830
|
| 050 |
|
4 |
|a TJ807-830
|
| 072 |
|
7 |
|a THX
|2 bicssc
|
| 072 |
|
7 |
|a TEC031010
|2 bisacsh
|
| 072 |
|
7 |
|a THV
|2 thema
|
| 072 |
|
7 |
|a THV
|2 thema
|
| 082 |
0 |
4 |
|a 621.042
|2 23
|
| 082 |
0 |
4 |
|a 621.042
|2 23
|
| 245 |
1 |
0 |
|a INCREaSE
|h [electronic resource] :
|b Proceedings of the 1st International Congress on Engineering and Sustainability in the XXI Century - INCREaSE 2017 /
|c edited by António Mortal, Jaime Aníbal, Jânio Monteiro, Cláudia Sequeira, Jorge Semião, Manuela Moreira da Silva, Miguel Oliveira.
|
| 250 |
|
|
|a 1st ed. 2018.
|
| 264 |
|
1 |
|a Cham :
|b Springer International Publishing :
|b Imprint: Springer,
|c 2018.
|
| 300 |
|
|
|a XVIII, 647 p. 305 illus., 242 illus. in color.
|b online resource.
|
| 336 |
|
|
|a text
|b txt
|2 rdacontent
|
| 337 |
|
|
|a computer
|b c
|2 rdamedia
|
| 338 |
|
|
|a online resource
|b cr
|2 rdacarrier
|
| 347 |
|
|
|a text file
|b PDF
|2 rda
|
| 520 |
|
|
|a This book presents the proceedings of the INternational CongRess on Engineering and Sustainability in the XXI cEntury - INCREaSE 2017, which was held in Faro, Portugal, from October 11 to 13, 2017. The book promotes a multidisciplinary approach to sustainable development, exploring a number of transversal challenges. It discusses natural and anthropogenic risks; tourism and sustainability; healthy food; water and society; sustainable mobility; renewable energy; and energy efficiency, offering perspectives from civil, electronics, mechanical and food engineering.
|
| 650 |
|
0 |
|a Renewable energy resources.
|
| 650 |
|
0 |
|a Sustainable development.
|
| 650 |
|
0 |
|a Power electronics.
|
| 650 |
|
0 |
|a Civil engineering.
|
| 650 |
|
0 |
|a Mechanical engineering.
|
| 650 |
1 |
4 |
|a Renewable and Green Energy.
|0 http://scigraph.springernature.com/things/product-market-codes/111000
|
| 650 |
2 |
4 |
|a Sustainable Development.
|0 http://scigraph.springernature.com/things/product-market-codes/U34000
|
| 650 |
2 |
4 |
|a Renewable and Green Energy.
|0 http://scigraph.springernature.com/things/product-market-codes/111000
|
| 650 |
2 |
4 |
|a Power Electronics, Electrical Machines and Networks.
|0 http://scigraph.springernature.com/things/product-market-codes/T24070
|
| 650 |
2 |
4 |
|a Civil Engineering.
|0 http://scigraph.springernature.com/things/product-market-codes/T23004
|
| 650 |
2 |
4 |
|a Mechanical Engineering.
|0 http://scigraph.springernature.com/things/product-market-codes/T17004
|
| 700 |
1 |
|
|a Mortal, António.
|e editor.
|4 edt
|4 http://id.loc.gov/vocabulary/relators/edt
|
| 700 |
1 |
|
|a Aníbal, Jaime.
|e editor.
|4 edt
|4 http://id.loc.gov/vocabulary/relators/edt
|
| 700 |
1 |
|
|a Monteiro, Jânio.
|e editor.
|0 (orcid)0000-0002-4203-1679
|1 https://orcid.org/0000-0002-4203-1679
|4 edt
|4 http://id.loc.gov/vocabulary/relators/edt
|
| 700 |
1 |
|
|a Sequeira, Cláudia.
|e editor.
|4 edt
|4 http://id.loc.gov/vocabulary/relators/edt
|
| 700 |
1 |
|
|a Semião, Jorge.
|e editor.
|4 edt
|4 http://id.loc.gov/vocabulary/relators/edt
|
| 700 |
1 |
|
|a Moreira da Silva, Manuela.
|e editor.
|4 edt
|4 http://id.loc.gov/vocabulary/relators/edt
|
| 700 |
1 |
|
|a Oliveira, Miguel.
|e editor.
|4 edt
|4 http://id.loc.gov/vocabulary/relators/edt
|
| 710 |
2 |
|
|a SpringerLink (Online service)
|
| 773 |
0 |
|
|t Springer eBooks
|
| 776 |
0 |
8 |
|i Printed edition:
|z 9783319702711
|
| 776 |
0 |
8 |
|i Printed edition:
|z 9783319702735
|
| 776 |
0 |
8 |
|i Printed edition:
|z 9783319889146
|
| 856 |
4 |
0 |
|u https://doi.org/10.1007/978-3-319-70272-8
|z Full Text via HEAL-Link
|
| 912 |
|
|
|a ZDB-2-ENG
|
| 950 |
|
|
|a Engineering (Springer-11647)
|